000
00324nam a2200133Ia 4500
008
221030s9999 xx 000 0 und d
041
_a
English
082
_a
105.23
100
_a
N. Rohmetra
245
0
_a
Cultural Paradigm in Managing People & Organisations
_c
by N. Rohmetra
260
_c
0
650
_a
Mb
942
_c
BK
999
_c
12410
_d
12410